MARC

LEADER 00000nam0a2200000 4500
001 293648
005 20231102000620.0
020 |a RU  |b 84-3605 
035 |a (RuTPU)RU\TPU\book\318688 
090 |a 293648 
100 |a 20150505d1983 k y0rusy5003 ca 
101 0 |a rus 
102 |a UA 
105 |a a j 001zy 
200 1 |a Задачи по объемному гидроприводу  |e учебное пособие   |f А. В. Перекрестов 
210 |a Киев  |c Вища школа  |d 1983 
215 |a 144 с.  |c ил. 
320 |a Библиогр.: с. 142 
606 1 |a Гидравлические приводы объемные  |2 stltpush  |3 (RuTPU)RU\TPU\subj\6504  |9 34380 
610 1 |a задачи 
610 1 |a примеры 
610 1 |a решение 
610 1 |a гидравлические расчеты 
610 1 |a гидравлика 
610 1 |a формулы 
610 1 |a учебные пособия 
675 |a 62-82(076.1)  |z rus  |v 3 
700 1 |a Перекрестов  |b А. В.  |g Анатолий Васильевич  |4 070 
801 0 |a RU  |b RuMRKP  |c 19950704  |g psbo 
801 1 |a RU  |b 63413507  |c 20150505 
801 2 |a RU  |b 63413507  |c 20190116  |g RCR 
942 |c BK